000 00936nam a2200289 a 4500
001 000111730
003 CHAP
005 20220329144226.0
008 150722s2014 mx ad |rm |0|||||spa d
010 _a108191
011 _a109163
040 _cCHAP
090 _aTesis
100 1 _aEscobar Martínez, Ricardo
_9129665
245 1 0 _aAlternativas de manejo del damping off en la producción de plántula de jitomate /
_cpor Ricardo Escobar Martínez.
260 _aCocula ,Gro. :
_bEl autor,
_c2014.
300 _a140 h. :
_bil, gráfs.
502 _aTesis (Ing. Agr. Fitotecnista) -- CSAEGRO. Centro de Estudios profesionales
590 _aE5652GLJ
_b05
_c20150722
_lUCH01
_h1219
650 1 4 _aPlántulas
_xEnfermedades.
_9125834
650 1 4 _aTomate
_xEnfermedades por hongos.
_9113713
650 1 4 _aTomate
_xFungicidas.
_9113725
650 1 4 _aTomate
_xRendimiento.
_9113761
901 _aBK
942 _cTESIS
942 _n0
999 _c108191
_d108191